LEADER 01590nas 22004092 450 001 9910891440403321 005 20260218112940.0 011 0 $a2309-9496 024 7 $a10.1787/23099496 035 $a(CKB)2660000000032649 035 $a(FR-PaOEC)23099496 035 $a(DE-599)ZDB2772059-7 035 $a(NjHacI)992660000000032649 035 $a(DE-599)2772059-7 035 $a(EXLCZ)992660000000032649 100 $a20171201b1959||| |y e 101 0 $afre 135 $aur||#|||||n|| 181 $ctxt$2rdacontent 182 $cc$2rdamedia 183 $acr$2rdacarrier 200 10$aConférence européenne des ministres des transports Rapport Annuel /$fOrganisation de coopération et de développement économiques 210 $aParis $cOECD Publishing 210 1$aParis :$cOECD Publishing,$d1967. 215 $a1 online resource 311 08$a1013-3836 330 3 $aCes rapports présentent les travaux de la Conférence Européenne des Ministres des Transports et ses relations avec d?autres Organisations internationales. En même temps qu?il reprend les études sectorielles menées par la Conférence, le rapport contient une analyse globale de la situation des transports dans l?aire de la CEMT pour l?année en revue. 606 $aTransport 606 $aTransportation$vCongresses 615 4$aTransport. 615 0$aTransportation 676 $a380.5 801 0$bFR-PaOEC 906 $aJOURNAL 912 $a9910891440403321 996 $aConférence européenne des ministres des transports Rapport Annuel$94253480 997 $aUNINA